Introduction to pspice : a supplent to electric circuits (Record no. 31496)

MARC details
000 -LEADER
fixed length control field 00492nam a2200193Ia 4500
020 ## - INTERNATIONAL STANDARD BOOK NUMBER
ISBN 0-201-52318-8
050 ## - CALL MARK
Classification number TK 454 .N54/
100 ## - STATEMENT OF RESPONSIBILITY--MAIN AUTHOR NAME
Personal name James W. Nilsson
245 #0 - TITLE STATEMENT
Title Introduction to pspice : a supplent to electric circuits
250 ## - EDITION / VOLUME STATEMENT
Edition / Volume statement 4
260 ## - PUBLICATION, DISTRIBUTION, ETC. (IMPRINT)
Place of publication New York
260 ## - PUBLICATION, DISTRIBUTION, ETC. (IMPRINT)
Name of publisher Addison- Wesley Publishing Company
260 ## - PUBLICATION, DISTRIBUTION, ETC. (IMPRINT)
Year of publication 1993
300 ## - PHYSICAL DESCRIPTION
Number of Pages 153 p
650 ## - SUBJECT ADDED ENTRY--TOPICAL TERM
Topical Term Electric Circuits
942 ## - ADDED ENTRY ELEMENTS (KOHA)
Koha item type Books
Holdings
Withdrawn status Lost status Source of classification or shelving scheme Damaged status Not for loan Permanent Location Current Location Date acquired Accession Number Price effective from Koha item type
    Library of Congress Classification     NILE UNIVERSITY OF NIGERIA - MAIN LIBRARY NILE UNIVERSITY OF NIGERIA - MAIN LIBRARY 04/23/2025 0009628 04/23/2025 Books